[Event "7.Open Inter.Ch.of Vojvodina 2016"]
[Site "Novi Sad - Master Centar, Hajd"]
[Date "2016.07.16"]
[Round "2.2"]
[White "Gajcin, Marina"]
[Black "Kovacevic, Aleksandar"]
[Result "0-1"]
[WhiteElo "2152"]
[BlackElo "2515"]
[PlyCount "82"]
[EventDate "2016.07.15"]

1. e4 c5 2. Nf3 e6 3. c3 Nf6 4. e5 Nd5 5. d4 cxd4 6. Qxd4 Nc6 7. Qe4 f5 8. Qe2
b5 9. g3 a5 10. Bg2 Be7 11. O-O Ba6 12. Re1 O-O 13. Nbd2 a4 14. Qd1 a3 15. Nd4
Nxd4 16. Bxd5 axb2 17. Bxb2 Nc6 18. Bg2 Qc7 19. Nb3 Bb7 20. Qe2 Na5 21. Bxb7
Qxb7 22. Nd4 Nc4 23. Bc1 Qd5 24. Rb1 b4 25. Rd1 Nxe5 26. Bf4 Ng6 27. Nf3 Rxa2
28. Rxd5 Rxe2 29. Rxd7 bxc3 30. Rc1 Rc8 31. Kf1 Ra2 32. Be3 Ba3 33. Rb1 c2 34.
Rbb7 c1=Q+ 35. Bxc1 Rxc1+ 36. Kg2 Bf8 37. Nd4 Ne5 38. Rd8 Ng4 39. Nf3 Rxf2+ 40.
Kh3 Rh1 41. Kh4 Rxf3 0-1

[Event "7.Open Inter.Ch.of Vojvodina 2016"]
[Site "Novi Sad - Master Centar, Hajd"]
[Date "2016.07.16"]
[Round "2.3"]
[White "Dobrov, Vladimir"]
[Black "Cica, Dragan"]
[Result "1-0"]
[WhiteElo "2505"]
[BlackElo "2146"]
[PlyCount "61"]
[EventDate "2016.07.15"]

1. Nf3 f5 2. d3 Nf6 3. e4 d6 4. Nc3 e5 5. exf5 Bxf5 6. d4 e4 7. Nh4 Bg4 8. Be2
Bxe2 9. Qxe2 d5 10. Bg5 Nc6 11. O-O-O Bb4 12. Nxe4 dxe4 13. d5 Ne7 14. Bxf6
gxf6 15. Qb5+ Qd7 16. Qxb4 O-O-O 17. Qxe4 Rhe8 18. Qd4 Qd6 19. Rhe1 f5 20. g3
Qa6 21. a3 Rxd5 22. Qe3 Rxd1+ 23. Rxd1 Qb6 24. Nxf5 Qxe3+ 25. Nxe3 Rf8 26. f4
Nc6 27. Rd5 a6 28. Kd2 b5 29. Ke2 Ne7 30. Rh5 c5 31. Rxc5+ 1-0

[Event "7.Open Inter.Ch.of Vojvodina 2016"]
[Site "Novi Sad - Master Centar, Hajd"]
[Date "2016.07.16"]
[Round "2.4"]
[White "Srdjanov, Stevan"]
[Black "Fang, Yuxiang"]
[Result "0-1"]
[WhiteElo "2141"]
[BlackElo "2494"]
[PlyCount "76"]
[EventDate "2016.07.15"]

1. g3 d5 2. Bg2 Nf6 3. Nf3 c6 4. O-O Bg4 5. d3 e6 6. Nc3 Nbd7 7. h3 Bh5 8. e4
Bb4 9. exd5 cxd5 10. Ne2 O-O 11. Nf4 Bxf3 12. Qxf3 Ne5 13. Qe2 Qc7 14. c3 Bd6
15. d4 Nc4 16. Nd3 Rac8 17. Re1 h6 18. g4 Rfe8 19. g5 hxg5 20. Bxg5 Nd7 21. Qg4
Be7 22. Bh6 Bf8 23. Bf3 Nf6 24. Qg2 Nd6 25. Bf4 Qd8 26. Kh1 Nf5 27. Bg5 Be7 28.
Rg1 Nd7 29. Bf4 Bf6 30. Qg4 Nf8 31. Ne5 Bxe5 32. Bxe5 Ng6 33. Rae1 Qh4 34. Qxh4
Nfxh4 35. Bh5 Nxe5 36. Rxe5 b5 37. Be2 b4 38. Reg5 g6 0-1

[Event "7.Open Inter.Ch.of Vojvodina 2016"]
[Site "Novi Sad - Master Centar, Hajd"]
[Date "2016.07.16"]
[Round "2.5"]
[White "Markovic, Miroslav"]
[Black "Paramzina, Anastasya"]
[Result "1-0"]
[WhiteElo "2469"]
[BlackElo "2140"]
[PlyCount "37"]
[EventDate "2016.07.15"]

1. e4 c5 2. c3 Nf6 3. d3 Nc6 4. g3 e5 5. Bg2 d5 6. exd5 Nxd5 7. Nf3 Be7 8. O-O
O-O 9. Re1 Qc7 10. Na3 Rd8 11. Nc4 f6 12. Nh4 f5 13. Qh5 g6 14. Nxg6 hxg6 15.
Qxg6+ Kh8 16. Qh5+ Kg8 17. Qg6+ Kh8 18. Qf7 Nb6 19. Bh6 1-0

[Event "7.Open Inter.Ch.of Vojvodina 2016"]
[Site "Novi Sad - Master Centar, Hajd"]
[Date "2016.07.16"]
[Round "2.6"]
[White "Musicki, Stevan"]
[Black "Saric, Sinisa"]
[Result "1/2-1/2"]
[WhiteElo "2134"]
[BlackElo "2435"]
[PlyCount "59"]
[EventDate "2016.07.15"]

1. d4 Nf6 2. g3 g6 3. Bg2 Bg7 4. e4 O-O 5. Ne2 c5 6. d5 d6 7. O-O Nbd7 8. Nbc3
Rb8 9. a4 Ne8 10. Nb5 a6 11. Na7 Ra8 12. Nxc8 Rxc8 13. Ra2 b5 14. axb5 axb5 15.
Bd2 Ra8 16. Qa1 Nc7 17. Bc3 Ne5 18. b3 b4 19. Bb2 Qd7 20. h3 Qb5 21. Re1 Rxa2
22. Qxa2 Ra8 23. Qb1 c4 24. bxc4 Nxc4 25. Bxg7 Kxg7 26. Nd4 Qc5 27. Nc6 e5 28.
Qxb4 Qxb4 29. Nxb4 Ra4 30. Rb1 1/2-1/2

[Event "7.Open Inter.Ch.of Vojvodina 2016"]
[Site "Novi Sad - Master Centar, Hajd"]
[Date "2016.07.16"]
[Round "2.7"]
[White "Pikula, Dejan"]
[Black "Kecskemeti, Arpad"]
[Result "1-0"]
[WhiteElo "2434"]
[BlackElo "2120"]
[PlyCount "83"]
[EventDate "2016.07.15"]

1. d4 Nf6 2. Bf4 g6 3. Nf3 Bg7 4. h3 O-O 5. e3 d6 6. Be2 Nbd7 7. O-O Qe8 8. c4
e5 9. Bh2 Qe7 10. Nc3 c6 11. Re1 Ne8 12. b4 f5 13. b5 g5 14. bxc6 bxc6 15. c5
g4 16. cxd6 Nxd6 17. hxg4 fxg4 18. Nxe5 Nxe5 19. dxe5 Bxe5 20. Bxe5 Qxe5 21.
Qd4 Qxd4 22. exd4 Bf5 23. Rac1 h5 24. Ba6 Rfe8 25. d5 Bd7 26. Red1 c5 27. Ne2
Ne4 28. Nf4 h4 29. Nd3 h3 30. Nxc5 Bf5 31. d6 Kf7 32. d7 Rh8 33. Nxe4 Bxe4 34.
Bc4+ Kf6 35. Bd5 Bxd5 36. Rxd5 Ke6 37. Rd4 Rad8 38. Re1+ Kf5 39. g3 Rh7 40.
Rf4+ Kg5 41. Re5+ Kg6 42. Re6+ 1-0

[Event "7.Open Inter.Ch.of Vojvodina 2016"]
[Site "Novi Sad - Master Centar, Hajd"]
[Date "2016.07.16"]
[Round "2.8"]
[White "Djoric, Hadzi Goran"]
[Black "Cabarkapa, Novak"]
[Result "1/2-1/2"]
[WhiteElo "2129"]
[BlackElo "2424"]
[PlyCount "44"]
[EventDate "2016.07.15"]

1. d4 Nf6 2. Nf3 g6 3. Bf4 Bg7 4. h3 O-O 5. e3 c5 6. c3 cxd4 7. exd4 d6 8. Bd3
Nc6 9. O-O Nh5 10. Bh2 e5 11. dxe5 dxe5 12. Re1 Re8 13. Na3 Nf4 14. Bxf4 exf4
15. Rxe8+ Qxe8 16. Qd2 Qd8 17. Rd1 Qf6 18. Bc4 a6 19. Qd6 Qxd6 20. Rxd6 Kf8 21.
Bd5 Ke7 22. Nc4 Nd8 1/2-1/2

[Event "7.Open Inter.Ch.of Vojvodina 2016"]
[Site "Novi Sad - Master Centar, Hajd"]
[Date "2016.07.16"]
[Round "2.9"]
[White "Dimitrov, Vladimir"]
[Black "Kovacevic, Goran B"]
[Result "1-0"]
[WhiteElo "2413"]
[BlackElo "2108"]
[PlyCount "43"]
[EventDate "2016.07.15"]

1. d4 d5 2. c4 c6 3. Nf3 Nf6 4. Nc3 g6 5. Bf4 Bg7 6. e3 O-O 7. Be2 a6 8. c5
Nfd7 9. O-O Re8 10. e4 dxe4 11. Nxe4 Nf8 12. Qb3 Ne6 13. Neg5 Nxg5 14. Nxg5 e6
15. Rad1 Nd7 16. Ne4 Nf6 17. Bg5 h6 18. Bh4 g5 19. Nxf6+ Qxf6 20. Bg3 a5 21. a4
Qd8 22. Bc4 1-0

[Event "7.Open Inter.Ch.of Vojvodina 2016"]
[Site "Novi Sad - Master Centar, Hajd"]
[Date "2016.07.16"]
[Round "2.10"]
[White "Kozomora, Dragan"]
[Black "Rogac, Srdjan"]
[Result "0-1"]
[WhiteElo "2118"]
[BlackElo "2408"]
[PlyCount "86"]
[EventDate "2016.07.15"]

1. c4 c5 2. Nc3 g6 3. Nf3 Nc6 4. g3 Bg7 5. Bg2 e6 6. O-O Nge7 7. d3 O-O 8. Ne4
d6 9. Rb1 b6 10. Bg5 f5 11. Nc3 h6 12. Bd2 Bb7 13. e3 d5 14. Ne2 dxc4 15. dxc4
e5 16. Bc3 e4 17. Ne1 Bxc3 18. Nxc3 Rf6 19. f3 Rd6 20. Nd5 Nxd5 21. cxd5 Rxd5
22. Qb3 Na5 23. Qc3 exf3 24. Nxf3 Rd3 25. Qc2 Be4 26. Rbd1 Qd6 27. Qc1 Rd8 28.
Rde1 g5 29. Re2 Rd1 30. Qc3 Rxf1+ 31. Kxf1 Bd3 32. Ne1 Bxe2+ 33. Kxe2 Qe6 34.
b3 f4 35. gxf4 gxf4 36. e4 Nc6 37. Kf2 Ne5 38. Bh3 Qd6 39. Kf1 Qd4 40. Qc1 Qxe4
41. Be6+ Kg7 42. Qc3 Rd1 43. Kf2 Rxe1 0-1

[Event "7.Open Inter.Ch.of Vojvodina 2016"]
[Site "Novi Sad - Master Centar, Hajd"]
[Date "2016.07.16"]
[Round "2.11"]
[White "Drazic, Sinisa"]
[Black "Markov, Ziva"]
[Result "1-0"]
[WhiteElo "2402"]
[BlackElo "2099"]
[PlyCount "77"]
[EventDate "2016.07.15"]

1. Nc3 e5 2. Nf3 Nc6 3. d4 exd4 4. Nxd4 Nxd4 5. Qxd4 Qf6 6. Qd3 Bb4 7. Bd2 Ne7
8. a3 Ba5 9. e4 O-O 10. f4 d6 11. g3 Bd7 12. Bg2 Bc6 13. O-O Bb6+ 14. Kh1 Qd4
15. Qe2 f5 16. Rad1 Qf6 17. Bc1 Rfe8 18. Rfe1 Qf7 19. Qd3 fxe4 20. Nxe4 a6 21.
Nc3 Bxg2+ 22. Kxg2 Nc6 23. Be3 Bxe3 24. Rxe3 Rxe3 25. Qxe3 Re8 26. Qd3 Nd8 27.
Rd2 Qd7 28. b4 Nf7 29. Qf3 c6 30. Ne2 Qe6 31. Nd4 Qe4 32. Re2 Qxf3+ 33. Kxf3
Rxe2 34. Kxe2 Nd8 35. c4 h6 36. g4 Kf7 37. Ke3 Kf6 38. Ke4 Nf7 39. h4 1-0

[Event "7.Open Inter.Ch.of Vojvodina 2016"]
[Site "Novi Sad - Master Centar, Hajd"]
[Date "2016.07.16"]
[Round "2.12"]
[White "Apontecastillo, Ernesto"]
[Black "Obodchuk, Andrei"]
[Result "0-1"]
[WhiteElo "2100"]
[BlackElo "2395"]
[PlyCount "34"]
[EventDate "2016.07.15"]

1. e4 c5 2. Nf3 Nc6 3. d3 g6 4. g3 Bg7 5. Bg2 e5 6. O-O Nge7 7. c3 O-O 8. Nbd2
d5 9. exd5 Nxd5 10. Re1 b6 11. Nc4 Re8 12. d4 cxd4 13. cxd4 exd4 14. Rxe8+ Qxe8
15. Nxd4 Nxd4 16. Bxd5 Be6 17. Nd6 Qd8 0-1

[Event "7.Open Inter.Ch.of Vojvodina 2016"]
[Site "Novi Sad - Master Centar, Hajd"]
[Date "2016.07.16"]
[Round "2.13"]
[White "Leskur, Dejan"]
[Black "Grcic, Vukasin"]
[Result "1/2-1/2"]
[WhiteElo "2392"]
[BlackElo "2095"]
[PlyCount "99"]
[EventDate "2016.07.15"]

1. Nf3 c5 2. e3 d5 3. d4 e6 4. b3 Nf6 5. Bd3 Nc6 6. Bb2 Be7 7. Nbd2 b6 8. O-O
O-O 9. a3 Bb7 10. c4 Rc8 11. Qe2 Qc7 12. Rac1 Qb8 13. dxc5 dxc4 14. Nxc4 bxc5
15. Bb1 Nd7 16. Qd3 g6 17. Rfd1 Rfd8 18. Qc2 Ba6 19. Rd2 Bxc4 20. bxc4 Bf6 21.
Bxf6 Nxf6 22. Qc3 Rxd2 23. Nxd2 Qe5 24. Qxe5 Nxe5 25. Nb3 Rb8 26. Nxc5 Nxc4 27.
a4 Nd2 28. Bd3 Rb2 29. h3 Nd5 30. Bb5 Rb1 31. Rxb1 Nxb1 32. e4 Nc7 33. Bd3 Nc3
34. f4 Kf8 35. Kf2 f5 36. e5 Ke7 37. a5 N3d5 38. Kf3 Nb4 39. Bc4 a6 40. g3 Nc6
41. Nb3 g5 42. g4 fxg4+ 43. hxg4 gxf4 44. Kxf4 h6 45. Ke4 Kf7 46. Be2 Ke7 47.
Bf1 Kf7 48. Bg2 Nd5 49. Bf1 Nc7 50. Be2 1/2-1/2

[Event "7.Open Inter.Ch.of Vojvodina 2016"]
[Site "Novi Sad - Master Centar, Hajd"]
[Date "2016.07.16"]
[Round "2.14"]
[White "Manojlovic, Sava"]
[Black "Minko, Vladimir"]
[Result "0-1"]
[WhiteElo "2097"]
[BlackElo "2379"]
[PlyCount "48"]
[EventDate "2016.07.15"]

1. d4 Nf6 2. Nf3 e6 3. Bf4 c5 4. e3 Nc6 5. Nbd2 d5 6. Bb5 Qb6 7. a4 a6 8. Bxc6+
bxc6 9. Rb1 a5 10. O-O Be7 11. h3 O-O 12. Ne5 cxd4 13. exd4 Ba6 14. Re1 Qxd4
15. Nxc6 Qxf4 16. Nxe7+ Kh8 17. Nc6 Qxa4 18. Ne5 Rac8 19. Nb3 Bb7 20. Ra1 Qb4
21. Ra2 a4 22. Nd4 a3 23. c3 Qe7 24. b4 Ne4 0-1

[Event "7.Open Inter.Ch.of Vojvodina 2016"]
[Site "Novi Sad - Master Centar, Hajd"]
[Date "2016.07.16"]
[Round "2.15"]
[White "Sredojevic, Ivan"]
[Black "Cvetanovic, Damjan"]
[Result "1-0"]
[WhiteElo "2342"]
[BlackElo "2091"]
[PlyCount "69"]
[EventDate "2016.07.15"]

1. e4 e6 2. d4 d5 3. Nc3 Bb4 4. Bd3 c5 5. a3 Bxc3+ 6. bxc3 c4 7. Bf1 Qa5 8. Bd2
Nf6 9. e5 Ne4 10. Qg4 O-O 11. f3 Nxd2 12. Kxd2 f6 13. f4 Nc6 14. Nf3 fxe5 15.
fxe5 Bd7 16. Be2 Rf5 17. Nh4 Rf2 18. Rhf1 Raf8 19. Rxf2 Rxf2 20. Qg3 Rf8 21.
Qe3 b5 22. g3 Qa4 23. Ng2 a5 24. Qg1 Be8 25. Bg4 Nd8 26. Nf4 Bg6 27. Qd1 Re8
28. Bh5 Bxh5 29. Qxh5 Rf8 30. Qg5 b4 31. Nh5 bxc3+ 32. Ke3 g6 33. Nf6+ Kh8 34.
Qh6 Rf7 35. Nxh7 1-0

[Event "7.Open Inter.Ch.of Vojvodina 2016"]
[Site "Novi Sad - Master Centar, Hajd"]
[Date "2016.07.16"]
[Round "2.16"]
[White "Milosavac, Ljubomir"]
[Black "Blazeka, Matej"]
[Result "0-1"]
[WhiteElo "2094"]
[BlackElo "2328"]
[PlyCount "42"]
[EventDate "2016.07.15"]

1. e4 e5 2. Bc4 Nf6 3. Nc3 Nc6 4. Nge2 Nxe4 5. Nxe4 d5 6. Bb3 dxe4 7. Ng3 f5 8.
O-O Qd6 9. f3 exf3 10. Qxf3 Nd4 11. Qd3 Bd7 12. Qc4 O-O-O 13. Qf7 Be8 14. Qc4
Bb5 15. Qf7 Bxf1 16. Kxf1 Be7 17. d3 Rhf8 18. Qxg7 e4 19. Be3 Nxb3 20. axb3 f4
21. Nxe4 fxe3+ 0-1

[Event "7.Open Inter.Ch.of Vojvodina 2016"]
[Site "Novi Sad - Master Centar, Hajd"]
[Date "2016.07.16"]
[Round "2.17"]
[White "Besedes, Danilo"]
[Black "Osmanovic, Faruk"]
[Result "0-1"]
[WhiteElo "2306"]
[BlackElo "2085"]
[PlyCount "49"]
[EventDate "2016.07.15"]

1. d4 d5 2. Nf3 Nf6 3. Bf4 c5 4. e3 e6 5. c3 Nc6 6. Nbd2 Be7 7. Bd3 Nh5 8. Be5
O-O 9. h4 f5 10. Qe2 c4 11. Bc2 b5 12. Ng5 g6 13. g4 Ng7 14. gxf5 exf5 15. Rg1
b4 16. cxb4 Nxb4 17. Bb1 Bxg5 18. Rxg5 Ne6 19. Rg1 Kf7 20. h5 c3 21. hxg6+ hxg6
22. bxc3 Ba6 23. Qf3 Rc8 24. Rxg6 Kxg6 25. Qg4+ 0-1

[Event "7.Open Inter.Ch.of Vojvodina 2016"]
[Site "Novi Sad - Master Centar, Hajd"]
[Date "2016.07.16"]
[Round "2.18"]
[White "Adamov, Ivan"]
[Black "Todorovic, Nenad I"]
[Result "0-1"]
[WhiteElo "2086"]
[BlackElo "2306"]
[PlyCount "74"]
[EventDate "2016.07.15"]

1. e4 c5 2. Nf3 d6 3. d4 cxd4 4. Nxd4 Nf6 5. Nc3 a6 6. Bc4 e6 7. Bb3 b5 8. O-O
Be7 9. Qf3 Qb6 10. Be3 Qb7 11. Qg3 b4 12. Na4 Nbd7 13. f3 O-O 14. Rfd1 Rb8 15.
a3 bxa3 16. Rxa3 Ne5 17. Rda1 Qc7 18. Nc3 Nc4 19. Bxc4 Qxc4 20. Ra4 Qc7 21. Nb3
Rd8 22. Bd4 e5 23. Be3 d5 24. exd5 Nxd5 25. Nxd5 Rxd5 26. Qf2 h6 27. Qe2 Bd6
28. Qc4 Qxc4 29. Rxc4 Bd7 30. Nc5 Bb5 31. Rc3 Rc8 32. Ne4 Rd8 33. Rb3 Bf8 34.
Nc3 Bc4 35. Rb7 R5d6 36. b3 Be6 37. Bb6 Rxb6 0-1

[Event "7.Open Inter.Ch.of Vojvodina 2016"]
[Site "Novi Sad - Master Centar, Hajd"]
[Date "2016.07.16"]
[Round "2.19"]
[White "Svicevic, Rastko"]
[Black "Djurnic, Strahinja"]
[Result "1/2-1/2"]
[WhiteElo "2270"]
[BlackElo "2072"]
[PlyCount "83"]
[EventDate "2016.07.15"]

1. d4 g6 2. Nf3 Bg7 3. Bg5 Nf6 4. e3 c5 5. c3 cxd4 6. exd4 d6 7. Bd3 O-O 8.
Nbd2 Nc6 9. O-O a6 10. Re1 Qc7 11. a4 Rb8 12. Qe2 Re8 13. b4 Nd5 14. Rac1 h6
15. Be4 Nf6 16. Bxf6 Bxf6 17. Qc4 Qd7 18. b5 Nd8 19. Bxg6 d5 20. Qd3 Qg4 21.
Bh7+ Kh8 22. Ne5 Bxe5 23. Rxe5 Ne6 24. h3 Qg7 25. Bf5 Nf4 26. Qf3 Rg8 27. Bg4
Bxg4 28. hxg4 Qxg4 29. Qxg4 Rxg4 30. Nf3 Nd3 31. Rb1 Rbg8 32. g3 Nxe5 33. Nxe5
Re4 34. bxa6 bxa6 35. Nxf7+ Kg7 36. Ne5 Rc8 37. Rb7 Rxc3 38. Rxe7+ Kf8 39. Ng6+
Kg8 40. Ra7 Rxd4 41. Rxa6 Ra3 42. Nf4 1/2-1/2

[Event "7.Open Inter.Ch.of Vojvodina 2016"]
[Site "Novi Sad - Master Centar, Hajd"]
[Date "2016.07.16"]
[Round "2.20"]
[White "Mamontova, Anastasia"]
[Black "Desnica, Vladan"]
[Result "1-0"]
[WhiteElo "2084"]
[BlackElo "2261"]
[PlyCount "61"]
[EventDate "2016.07.15"]

1. e4 e5 2. Nf3 d6 3. d4 exd4 4. Nxd4 Nf6 5. Nc3 Be7 6. Bc4 O-O 7. O-O Re8 8.
Re1 c6 9. a4 Bf8 10. Ba2 Na6 11. Bg5 h6 12. Bh4 Nc5 13. b4 Ncd7 14. b5 Ne5 15.
bxc6 bxc6 16. Rb1 Bd7 17. Bg3 Qa5 18. Qd2 Nh5 19. Bxe5 Qxe5 20. Rb7 Rad8 21.
Bxf7+ Kxf7 22. Nxc6 Qc5 23. Nxd8+ Rxd8 24. e5 Be7 25. Rxd7 Rxd7 26. e6+ Ke8 27.
exd7+ Kxd7 28. Ne4 Qf5 29. Qe3 Qf6 30. Qxa7+ Ke8 31. h3 1-0

[Event "7.Open Inter.Ch.of Vojvodina 2016"]
[Site "Novi Sad - Master Centar, Hajd"]
[Date "2016.07.16"]
[Round "3.1"]
[White "Matovic, Mihajlo Z"]
[Black "Atalik, Suat"]
[Result "0-1"]
[WhiteElo "2236"]
[BlackElo "2564"]
[PlyCount "74"]
[EventDate "2016.07.15"]

1. e4 e6 2. d4 d5 3. e5 c5 4. c3 Nc6 5. Nf3 Bd7 6. a3 Nge7 7. b4 cxd4 8. cxd4
Nf5 9. Be3 g6 10. Bd3 Nxe3 11. fxe3 Bh6 12. Qe2 f5 13. exf6 O-O 14. Nbd2 Rxf6
15. O-O Qe7 16. b5 Na5 17. Ne5 Bg7 18. Ndf3 Rc8 19. Qe1 Nc4 20. Bxc4 dxc4 21.
a4 Be8 22. Rc1 Qa3 23. Ra1 Qb3 24. Nd2 Rxf1+ 25. Kxf1 Qb4 26. Ndf3 c3 27. Kg1
Qb3 28. Qb1 Qb2 29. Nd3 Qe2 30. Kh1 Kh8 31. Qf1 Qxe3 32. Re1 Qh6 33. Rxe6 Bf7
34. Re1 Bc4 35. Nfe5 Bxe5 36. dxe5 Rf8 37. Qe2 Qd2 0-1

[Event "7.Open Inter.Ch.of Vojvodina 2016"]
[Site "Novi Sad - Master Centar, Hajd"]
[Date "2016.07.16"]
[Round "3.2"]
[White "Kovacevic, Aleksandar"]
[Black "Jovicic, Radosav"]
[Result "1-0"]
[WhiteElo "2515"]
[BlackElo "2202"]
[PlyCount "61"]
[EventDate "2016.07.15"]

1. e4 c5 2. Nf3 e6 3. d4 cxd4 4. Nxd4 a6 5. c4 Nf6 6. Nc3 Bb4 7. Qd3 d6 8. Nc2
Bc5 9. b4 Bb6 10. Be2 Nc6 11. Be3 Bxe3 12. Qxe3 a5 13. b5 Nb4 14. Rc1 Nxc2+ 15.
Rxc2 O-O 16. Rd2 Qe7 17. O-O Ne8 18. Rfd1 Kh8 19. Na4 g6 20. Nb6 Rb8 21. e5 Bd7
22. exd6 Qd8 23. c5 Ng7 24. Qc3 f6 25. Nxd7 Qxd7 26. c6 Rbc8 27. Rc2 bxc6 28.
bxc6 Qd8 29. Ba6 e5 30. Bxc8 Qxc8 31. c7 1-0

[Event "7.Open Inter.Ch.of Vojvodina 2016"]
[Site "Novi Sad - Master Centar, Hajd"]
[Date "2016.07.16"]
[Round "3.3"]
[White "Titov, Ivan"]
[Black "Dobrov, Vladimir"]
[Result "0-1"]
[WhiteElo "2218"]
[BlackElo "2505"]
[PlyCount "182"]
[EventDate "2016.07.15"]

1. e4 c5 2. d4 cxd4 3. c3 dxc3 4. Nxc3 Nc6 5. Nf3 d6 6. Bc4 e6 7. O-O Nf6 8.
Qe2 Be7 9. Rd1 e5 10. Be3 O-O 11. Rac1 a6 12. b4 Bg4 13. a3 Rc8 14. Bb3 Kh8 15.
h3 Be6 16. Bxe6 fxe6 17. Na4 Nd7 18. Qa2 Rf6 19. Qd2 b5 20. Nb2 h6 21. Rc3 Ndb8
22. Qc1 Qe8 23. Nh2 Rf8 24. Bxh6 Nd4 25. Rxc8 Qxc8 26. Qe3 Qc2 27. Ng4 Ne2+ 28.
Kh2 Nf4 29. Rd2 Qc7 30. Bxf4 Rxf4 31. Qb3 Nc6 32. Rc2 Qd7 33. Qc3 Nd4 34. Qc8+
Qxc8 35. Rxc8+ Kh7 36. f3 Nxf3+ 37. gxf3 Rxf3 38. Nd1 Rxa3 39. Re8 Bg5 40. Rxe6
Rd3 41. Ndf2 Rd4 42. Kg3 Bd2 43. h4 Bxb4 44. Nh3 Be1+ 45. Ngf2 g6 46. Kf3 Kg7
47. Ng5 Bxf2 48. Kxf2 a5 49. Re7+ Kf8 50. Rb7 Rb4 51. Ne6+ Ke8 52. Nc7+ Kd7 53.
Nd5+ Kc8 54. Rc7+ Kb8 55. Ke3 Rb3+ 56. Rc3 Rb1 57. Rc6 a4 58. Rxd6 a3 59. Ra6
Rb3+ 60. Kd2 Kb7 61. Ra5 Kc6 62. Kc2 Rg3 63. Nb4+ Kc5 64. Nd3+ Kd4 65. Rxb5 a2
66. Rd5+ Kxe4 67. Rxe5+ Kd4 68. Re1 Rg2+ 69. Kb3 Kxd3 70. Rd1+ Ke2 71. Rc1 Kf3
72. Rc3+ Kg4 73. Rc4+ Kh3 74. Ra4 Rg4 75. Rxa2 Kxh4 76. Kc3 Re4 77. Ra1 g5 78.
Rh1+ Kg4 79. Rg1+ Kf4 80. Kd3 Re3+ 81. Kd2 Re5 82. Rf1+ Kg3 83. Kd3 g4 84. Rg1+
Kf3 85. Rf1+ Kg2 86. Rf4 g3 87. Rf6 Kh2 88. Rh6+ Kg1 89. Rg6 g2 90. Rf6 Rh5 91.
Ke2 Kh1 0-1

[Event "7.Open Inter.Ch.of Vojvodina 2016"]
[Site "Novi Sad - Master Centar, Hajd"]
[Date "2016.07.16"]
[Round "3.4"]
[White "Fang, Yuxiang"]
[Black "Dronjic, Sinisa"]
[Result "1-0"]
[WhiteElo "2494"]
[BlackElo "2194"]
[PlyCount "79"]
[EventDate "2016.07.15"]

1. Nf3 c5 2. c4 Nf6 3. Nc3 e6 4. g3 d5 5. cxd5 exd5 6. d4 Nc6 7. Bg2 Be7 8. O-O
O-O 9. dxc5 Bxc5 10. Na4 Be7 11. Be3 Ne4 12. Rc1 Re8 13. Nd4 Bd7 14. Nb3 Bf5
15. Nac5 Nxc5 16. Nxc5 Bxc5 17. Rxc5 Be4 18. Bxe4 dxe4 19. Rd5 Qc8 20. Qb3 Ne5
21. Kg2 Nc4 22. Bf4 Qc6 23. Qb5 Rad8 24. Qxc6 bxc6 25. Rxd8 Rxd8 26. b3 Nb6 27.
Rc1 Rc8 28. Rc5 Nd5 29. Bd6 f6 30. Ra5 Rd8 31. Bc5 Nc3 32. Rxa7 Rd2 33. a4 Rxe2
34. a5 Rc2 35. a6 Nd5 36. Ra8+ Kf7 37. Rf8+ Kg6 38. a7 Nc7 39. b4 Ra2 40. Rc8
1-0

[Event "7.Open Inter.Ch.of Vojvodina 2016"]
[Site "Novi Sad - Master Centar, Hajd"]
[Date "2016.07.16"]
[Round "3.5"]
[White "Tisma, Ivan"]
[Black "Markovic, Miroslav"]
[Result "0-1"]
[WhiteElo "2212"]
[BlackElo "2469"]
[PlyCount "92"]
[EventDate "2016.07.15"]

1. c4 e5 2. Nc3 Nc6 3. a3 g6 4. g3 Bg7 5. Bg2 Nf6 6. Nf3 O-O 7. d3 h6 8. O-O d6
9. Rb1 Be6 10. b4 Qd7 11. b5 Ne7 12. Re1 Bh3 13. Bh1 Ng4 14. Qb3 Qf5 15. Nd5
Nxd5 16. cxd5 Rae8 17. Qc2 Re7 18. Rb4 Qh5 19. Ra4 f5 20. Bd2 g5 21. Rb1 Rff7
22. Rab4 f4 23. Qd1 Nf6 24. Ra4 Nxd5 25. Rxa7 Nf6 26. Bb4 Be6 27. Rc1 Bd5 28.
Bg2 fxg3 29. hxg3 Ng4 30. Be1 e4 31. dxe4 Bxe4 32. Ra8+ Kh7 33. Ra4 d5 34. Rb4
Be5 35. a4 Bxg3 36. Rc3 Bd6 37. Rd4 Nf6 38. Kf1 g4 39. Rxe4 Nxe4 40. Qd3 Kg8
41. Ng1 Qe5 42. Bxe4 dxe4 43. Qe3 g3 44. Nh3 Re6 45. Kg2 gxf2 46. Bxf2 Qh2+ 0-1

[Event "7.Open Inter.Ch.of Vojvodina 2016"]
[Site "Novi Sad - Master Centar, Hajd"]
[Date "2016.07.16"]
[Round "3.6"]
[White "Banovic, Ivan"]
[Black "Pikula, Dejan"]
[Result "1/2-1/2"]
[WhiteElo "2194"]
[BlackElo "2434"]
[PlyCount "90"]
[EventDate "2016.07.15"]

1. d4 Nf6 2. c4 e6 3. Nc3 Bb4 4. Qc2 d6 5. a3 Bxc3+ 6. bxc3 O-O 7. e4 e5 8. Bd3
Nc6 9. Ne2 Nd7 10. O-O b6 11. f4 Ba6 12. Rf3 f6 13. Be3 Na5 14. Ng3 c5 15. fxe5
dxe5 16. d5 Bxc4 17. Nf5 g6 18. Nh6+ Kh8 19. h4 Bxd3 20. Qxd3 c4 21. Qc2 Nb7
22. h5 gxh5 23. Raf1 Nd6 24. Nf5 Nxf5 25. Rxf5 Rg8 26. R1f3 h4 27. Qf2 Rg4 28.
Rh3 Qe7 29. Rxh4 Rxh4 30. Qxh4 Rg8 31. Rh5 Rg6 32. Qh3 Kg8 33. Qe6+ Qf7 34. a4
Nf8 35. Qh3 Qd7 36. Kf2 Qxa4 37. Bh6 Qc2+ 38. Kg1 Qd1+ 39. Kh2 Qg4 40. Bxf8
Qxh3+ 41. Kxh3 Kxf8 42. Rxh7 Rg7 43. Rh8+ Rg8 44. Rh7 Rg7 45. Rh8+ Rg8 1/2-1/2

[Event "7.Open Inter.Ch.of Vojvodina 2016"]
[Site "Novi Sad - Master Centar, Hajd"]
[Date "2016.07.16"]
[Round "3.7"]
[White "Dimitrov, Vladimir"]
[Black "Jocev, Milan"]
[Result "1-0"]
[WhiteElo "2413"]
[BlackElo "2181"]
[PlyCount "105"]
[EventDate "2016.07.15"]

1. d4 Nf6 2. c4 g6 3. Nc3 Bg7 4. e4 d6 5. h3 O-O 6. Be3 c5 7. d5 b5 8. cxb5 a6
9. a4 Qa5 10. Bd2 Qb4 11. Bd3 c4 12. Bc2 axb5 13. axb5 Rxa1 14. Qxa1 Nbd7 15.
Qa3 Qc5 16. Nge2 Bb7 17. Be3 Qc7 18. Qb4 Ra8 19. O-O Ne5 20. Rd1 Nd3 21. Bxd3
cxd3 22. Rxd3 Ra1+ 23. Rd1 Rxd1+ 24. Nxd1 e6 25. dxe6 Nxe4 26. Ndc3 Nxc3 27.
exf7+ Qxf7 28. bxc3 Qd5 29. f3 Qd3 30. Kf2 Bf6 31. Bf4 Be7 32. Nd4 Bh4+ 33. Kg1
Qd1+ 34. Kh2 Bf2 35. Qb3+ Qxb3 36. Nxb3 Bd5 37. Nd4 Bxd4 38. cxd4 Bc4 39. b6
Ba6 40. Bxd6 Kf7 41. Kg3 Bb7 42. Kf4 Ke6 43. Be5 Ba8 44. Kg5 Kf7 45. Kh6 Kg8
46. h4 Bb7 47. h5 gxh5 48. Kxh5 Kf7 49. Kh6 Kg8 50. Bd6 Bc6 51. Kg5 Kf7 52. Kf5
Bb7 53. Bc5 1-0

[Event "7.Open Inter.Ch.of Vojvodina 2016"]
[Site "Novi Sad - Master Centar, Hajd"]
[Date "2016.07.16"]
[Round "3.8"]
[White "Rogac, Srdjan"]
[Black "Nemec, Vjekoslav"]
[Result "1/2-1/2"]
[WhiteElo "2408"]
[BlackElo "2181"]
[PlyCount "96"]
[EventDate "2016.07.15"]

1. Nf3 g6 2. g3 Bg7 3. Bg2 c5 4. O-O Nc6 5. c4 e6 6. Nc3 Nge7 7. d3 O-O 8. Bd2
b6 9. a3 Bb7 10. Rb1 d6 11. b4 Qd7 12. h4 Nd4 13. Nxd4 cxd4 14. Qa4 Bc6 15.
Bxc6 Nxc6 16. Ne4 f5 17. Ng5 e5 18. Qb5 Rae8 19. Qd5+ Kh8 20. b5 Nd8 21. Bb4
Nb7 22. Kg2 h6 23. Rh1 Bf6 24. Nf3 Nc5 25. Bxc5 bxc5 26. Nd2 e4 27. dxe4 Re5
28. Qc6 Qxc6 29. bxc6 Rc8 30. Rb7 Rxc6 31. Rhb1 Rb6 32. R7xb6 axb6 33. Rxb6
fxe4 34. Rxd6 Kg7 35. Nb3 Be7 36. Rd7 Kf6 37. a4 Ke6 38. Rb7 e3 39. Nc1 exf2
40. Nd3 Rf5 41. Nxf2 Re5 42. Rb6+ Bd6 43. Kf1 Kd7 44. g4 Kc7 45. a5 Re8 46. Ra6
Rf8 47. Kg2 Re8 48. Kf1 Rf8 1/2-1/2